Ein Fall von pathologischem Riesenwuchs
Elmentve itt :
| Szerzők: | |
|---|---|
| Dokumentumtípus: | Cikk |
| Megjelent: |
1897
|
| Sorozat: | Kolligátum
|
| Kulcsszavak: | Növekedés - endokrinológia, Akromegália |
| Online Access: | http://misc.bibl.u-szeged.hu/22783 |
| LEADER | 00598nab a2200181 i 4500 | ||
|---|---|---|---|
| 001 | misc22783 | ||
| 005 | 20191108150458.0 | ||
| 008 | 170720s1897 hu o 0|| zxx d | ||
| 040 | |a SZTE Miscellanea Repozitórium |b hun | ||
| 041 | |a zxx | ||
| 100 | 1 | |a Buday Kálmán | |
| 245 | 1 | 0 | |a Ein Fall von pathologischem Riesenwuchs |h [elektronikus dokumentum] / |c Buday Kálmán |
| 260 | |c 1897 | ||
| 300 | |a 383-446 | ||
| 490 | 0 | |a Kolligátum | |
| 695 | |a Növekedés - endokrinológia, Akromegália | ||
| 700 | 0 | 1 | |a Jancsó Miklós |e aut |
| 856 | 4 | 0 | |u http://misc.bibl.u-szeged.hu/22783/1/22627_383-446.pdf |z Dokumentum-elérés |